000 00295nam a22000977a 4500
999 _c11663
_d11663
008 191122b ||||| |||| 00| 0 eng d
020 _a9789332421806
100 _aSharma Prasad Ganga
_97365
245 _aAlladin and 14 other stories from Arabian Nights
260 _aNew Delhi
_bPaper Clip Books
_c2018